Eastern Utah Libraries Catalog: Duchesne, Heber, Roosevelt, & Vernal

Boy meets world: the complete first season. (Record no. 357069)

MARC details
000 -LEADER
fixed length control field 03943cgm a2200829Ma 4500
001 - CONTROL NUMBER
control field ocn973973781
003 - CONTROL NUMBER IDENTIFIER
control field OCoLC
005 - DATE AND TIME OF LATEST TRANSACTION
control field 20201229132310.0
007 - PHYSICAL DESCRIPTION FIXED FIELD--GENERAL INFORMATION
fixed length control field vd cvaizq
008 - FIXED-LENGTH DATA ELEMENTS--GENERAL INFORMATION
fixed length control field 100903s2010 cau544 vleng d
040 ## - CATALOGING SOURCE
Original cataloging agency B@L
Language of cataloging eng
Transcribing agency B@L
Modifying agency OCLCO
-- OCLCF
-- MVQ
-- OCLCA
-- OCLCQ
-- OCLCO
-- OCL
-- B@L
-- OCLCO
-- KYC
-- OCLCO
-- OCL
-- OCLCO
-- OCLCA
-- UINTA
024 1# - OTHER STANDARD IDENTIFIER
Standard number or code 031398124900
028 42 - PUBLISHER NUMBER
Publisher number 28601
Source ABC Studios
035 ## - SYSTEM CONTROL NUMBER
System control number (OCoLC)973973781
041 0# - LANGUAGE CODE
Language code of text/sound track or separate title eng
-- eng
043 ## - GEOGRAPHIC AREA CODE
Geographic area code n-us---
050 #4 - LIBRARY OF CONGRESS CALL NUMBER
Classification number PN1992.77
Item number .B69 2010
082 14 - DEWEY DECIMAL CLASSIFICATION NUMBER
Classification number Season1
049 ## - LOCAL HOLDINGS (OCLC)
Holding library UCLB
245 00 - TITLE STATEMENT
Title Boy meets world: the complete first season.
246 3# - VARYING FORM OF TITLE
Title proper/short title Boy meets world, season one
246 3# - VARYING FORM OF TITLE
Title proper/short title Boy meets world, season 1
260 ## - PUBLICATION, DISTRIBUTION, ETC. (IMPRINT)
Place of publication, distribution, etc [Santa Monica, CA] :
Name of publisher, distributor, etc ABC Studios :
-- Lions Gate Films,
Date of publication, distribution, etc 2010.
300 ## - PHYSICAL DESCRIPTION
Extent 3 videodiscs (approximately 544 min.) :
Other physical details sound, color ;
Dimensions 4 3/4 in.
336 ## - Content Type
Content type term two-dimensional moving image
337 ## - Media type
Media type term video
338 ## - Carrier type
Carrier type term videodisc
500 ## - GENERAL NOTE
General note Bonus features: bonus episode from season 4, audio commentary.
511 1# - PARTICIPANT OR PERFORMER NOTE
Participant or performer note Ben Savage, Danielle Fishel, Rider Strong, William Daniels.
520 ## - SUMMARY, ETC.
Summary, etc Cory is your average guy. He has a best friend from the other side of the tracks, a teacher that constantly keeps him on his toes, and a friend named Topanga whom he has trouble understanding. With the support of his parents and his brother Eric, Cory learns to cope with the roller coaster called growing up. Includes 22 episodes.
521 ## - TARGET AUDIENCE NOTE
Target audience note Rating: Not rated.
521 8# - TARGET AUDIENCE NOTE
Target audience note Closed-captioned.
538 ## - SYSTEM DETAILS NOTE
System details note DVD, full screen (1.33:1), Dolby Digital 2.0, NTSC, region 1.
546 ## - LANGUAGE NOTE
Language note Subtitled for the deaf and hard of hearing.
546 ## - LANGUAGE NOTE
Language note Closed captioned for the hearing impaired.
508 ## - CREATION/PRODUCTION CREDITS NOTE
Creation/production credits note Created by Michael Jacobs, April Kelly ; executive producer, Michael Jacobs ; co-producer, Susan Estelle Jansen ; theme song and music, Ray Colcord.
650 #0 - SUBJECT ADDED ENTRY--TOPICAL TERM
Topical term or geographic name as entry element Friendship
Form subdivision Drama.
9 (RLIN) 5682261
650 #0 - SUBJECT ADDED ENTRY--TOPICAL TERM
Topical term or geographic name as entry element Teenagers
Geographic subdivision United States
Form subdivision Drama.
9 (RLIN) 5778858
650 #0 - SUBJECT ADDED ENTRY--TOPICAL TERM
Topical term or geographic name as entry element Middle school students
Form subdivision Drama.
9 (RLIN) 6395200
650 #0 - SUBJECT ADDED ENTRY--TOPICAL TERM
Topical term or geographic name as entry element High school principals
Form subdivision Drama.
9 (RLIN) 5778627
650 #0 - SUBJECT ADDED ENTRY--TOPICAL TERM
Topical term or geographic name as entry element High school students
Geographic subdivision United States
Form subdivision Drama.
9 (RLIN) 5713961
650 #7 - SUBJECT ADDED ENTRY--TOPICAL TERM
Topical term or geographic name as entry element Friendship.
Source of heading or term fast
-- (OCoLC)fst00935174
9 (RLIN) 6395201
650 #7 - SUBJECT ADDED ENTRY--TOPICAL TERM
Topical term or geographic name as entry element High school principals.
Source of heading or term fast
-- (OCoLC)fst00956144
9 (RLIN) 6395202
650 #7 - SUBJECT ADDED ENTRY--TOPICAL TERM
Topical term or geographic name as entry element High school students.
Source of heading or term fast
-- (OCoLC)fst00956174
9 (RLIN) 6395203
650 #7 - SUBJECT ADDED ENTRY--TOPICAL TERM
Topical term or geographic name as entry element Middle school students.
Source of heading or term fast
-- (OCoLC)fst01020531
9 (RLIN) 6395204
650 #7 - SUBJECT ADDED ENTRY--TOPICAL TERM
Topical term or geographic name as entry element Teenagers.
Source of heading or term fast
-- (OCoLC)fst01145551
9 (RLIN) 6395205
651 #7 - SUBJECT ADDED ENTRY--GEOGRAPHIC NAME
Geographic name United States.
Source of heading or term fast
-- (OCoLC)fst01204155
9 (RLIN) 6395206
655 #0 - INDEX TERM--GENRE/FORM
Genre/form data or focus term Television programs.
9 (RLIN) 6395207
655 #0 - INDEX TERM--GENRE/FORM
Genre/form data or focus term Television comedies.
9 (RLIN) 6395208
655 #4 - INDEX TERM--GENRE/FORM
Genre/form data or focus term Television programs.
9 (RLIN) 6395207
655 #4 - INDEX TERM--GENRE/FORM
Genre/form data or focus term Television comedies.
9 (RLIN) 6395208
655 #4 - INDEX TERM--GENRE/FORM
Genre/form data or focus term Video recordings for the hearing impaired.
9 (RLIN) 6395209
655 #7 - INDEX TERM--GENRE/FORM
Genre/form data or focus term Video recordings for the hearing impaired.
Source of term fast
-- (OCoLC)fst01710450
9 (RLIN) 6395209
655 #7 - INDEX TERM--GENRE/FORM
Genre/form data or focus term Drama.
Source of term fast
-- (OCoLC)fst01423879
9 (RLIN) 6395210
655 #7 - INDEX TERM--GENRE/FORM
Genre/form data or focus term Television comedies.
Source of term fast
-- (OCoLC)fst01710440
9 (RLIN) 6395208
655 #7 - INDEX TERM--GENRE/FORM
Genre/form data or focus term Television programs.
Source of term fast
-- (OCoLC)fst01726253
9 (RLIN) 6395207
655 #7 - INDEX TERM--GENRE/FORM
Genre/form data or focus term Television programs.
Source of term lcgft
9 (RLIN) 6395207
655 #7 - INDEX TERM--GENRE/FORM
Genre/form data or focus term Television comedies.
Source of term lcgft
9 (RLIN) 6395208
655 #7 - INDEX TERM--GENRE/FORM
Genre/form data or focus term Video recordings for the hearing impaired.
Source of term lcgft
9 (RLIN) 6395209
655 #7 - INDEX TERM--GENRE/FORM
Genre/form data or focus term Youth
Form subdivision Television series.
Source of term migfg
9 (RLIN) 5807097
655 #7 - INDEX TERM--GENRE/FORM
Genre/form data or focus term Situation comedy
Form subdivision Television series.
Source of term migfg
9 (RLIN) 5709320
700 1# - ADDED ENTRY--PERSONAL NAME
Personal name Daniels, William,
Dates associated with a name 1927-
9 (RLIN) 29906
700 1# - ADDED ENTRY--PERSONAL NAME
Personal name Strong, Rider,
Dates associated with a name 1979-
9 (RLIN) 72198
700 1# - ADDED ENTRY--PERSONAL NAME
Personal name Fishel, Danielle.
9 (RLIN) 550
700 1# - ADDED ENTRY--PERSONAL NAME
Personal name Savage, Ben,
Dates associated with a name 1980-
9 (RLIN) 72199
700 1# - ADDED ENTRY--PERSONAL NAME
Personal name Russ, William,
Dates associated with a name 1950-
9 (RLIN) 72216
700 1# - ADDED ENTRY--PERSONAL NAME
Personal name Randle, Betsy,
Dates associated with a name 1955-
9 (RLIN) 72217
700 1# - ADDED ENTRY--PERSONAL NAME
Personal name Friedle, Will.
9 (RLIN) 69825
710 2# - ADDED ENTRY--CORPORATE NAME
Corporate name or jurisdiction name as entry element Lions Gate Films (Santa Monica, Calif.)
9 (RLIN) 6362752
710 2# - ADDED ENTRY--CORPORATE NAME
Corporate name or jurisdiction name as entry element Michael Jacobs Productions (Firm)
9 (RLIN) 6015802
994 ## -
-- C0
-- UINTA
Holdings
Withdrawn status Lost status Source of classification or shelving scheme Materials specified (bound volume or other part) Damaged status Not for loan Collection code Home library Current library Shelving location Date acquired Source of acquisition Cost, normal purchase price Total Checkouts Total Renewals Full call number Barcode Date last seen Date checked out Cost, replacement price Price effective from Koha item type
    Dewey Decimal Classification .CIRCNOTE. 3 discs     Television Series Wasatch County Library Wasatch County Library Audio Visual Area 11/27/2019 Donation 11.96 6 5 TV Series Boy Meets World #1 34301001650839 03/07/2024 12/20/2023 11.96 03/20/2020 DVD Series
This project was made possible through a grant from the Institute of Museum and Library Service administered by the Utah State Library Division.

Wasatch County Library

  • 465 East 1200 South, Heber City, Utah 84032
  • Phone 435-654-1511 | Fax 435-654-6456

Hours

  • Monday - Friday 9:30 AM - 8:00 PM
  • Saturday 9:30 AM - 1:30 PM
  • Closed Sundays and Holidays